| 000 | 00974cab a2200181 4500 | ||
|---|---|---|---|
| 001 | ##L134430 | ||
| 008 | 060804n2006 000 0 eng u | ||
| 035 | _a(Sirsi) u134430 | ||
| 041 | 0 | _aeng | |
| 245 | 0 | 0 | _aPassivhaus design arrives in the UK |
| 260 | _c2006 | ||
| 490 | 0 |
_aConstructing the Future _v14(1) Fall 2006, 29(1) |
|
| 520 | _aReports on the introduction to the UK of PassivHaus design, which by intelligent use of passive solar gains, super-insulation, airtightness, and mechanical ventilation, reduces energy use by 90% compared to existing building stock. Over 5 000 homes, mainly in Germany and Austria, have already been built to these principles, and several projects in the UK are now in the planning stages. Technical sketch. Passive house. | ||
| 590 | _aIKA010806 NTK | ||
| 651 | 4 | _aInternational | |
| 690 | _aBUILT ENVIRONMENT-BUILDING ELEMENTS-PARTS OF BUILDING SERVICES ELEMENTS-ENERGY GENERATION, STORAGE AND CONVERSION ELEMENTS | ||
| 942 | _n0 | ||
| 999 |
_c77521 _d77521 |
||